Statistiques concernant Focus sur: Eärendil - Tolkien

Cliquez ici pour prendre le quiz!

Statistiques générales

  • Ce quiz a été pris 18 fois
  • Le résultat moyen est 9 sur 14

Statistiques - réponses

Informations recherchéesRéponses% Correct
Espèce (choisie)Elfe
100%
Age durant lequel il vécut (en Terre du Milieu)Premier
100%
Embouchure du Sirion
82%
Première apparitionLe Silmarillion
82%
ProfessionMarin
82%
Elrond
76%
Groupe de l'espèceSindar
76%
FilsElros
59%
CitéGondolin
59%
Royaumes et contréesRoyaume Caché
59%
PèreTuor
47%
EpouseElwing
41%
MèreIdril
35%
Autre nomArdamírë
6%

Distribution des résultats

Percentile par nombre de réponses

% des personnes avec chaque résultat

Votre développement - résultats

Vous n’avez pas pris ce quiz